LEADER 00856nam0-22002771i-450- 001 990004062880403321 005 20130503152317.0 035 $a000406288 035 $aFED01000406288 035 $a(Aleph)000406288FED01 035 $a000406288 100 $a19990604d1987----km-y0itay50------ba 101 0 $aeng 105 $ay-------001yy 200 1 $a<>proof from prophecy$eA study in Justin martyr's proof-text tradition, text-type, provenance, theological profile$fOskar Skarsaune 210 $aLeiden$cBrill$d1987 215 $aXVI, 504 p. 225 1 $aSupplements to Novum Testamentum$v56 700 1$aSkarsaune,$bOskar$0156209 801 0$aIT$bUNINA$gRICA$2UNIMARC 901 $aBK 912 $a990004062880403321 952 $a5/XVI C 7 (56)$bD.D.S.1724$fFLFBC 959 $aFLFBC 996 $aProof from prophecy$9469883 997 $aUNINA LEADER 02679 am 22005893u 450 001 996204147303316 005 20230621135403.0 010 $a9789053568149$b(ebook) 035 $a(CKB)1000000000579659 035 $a(EBL)420300 035 $a(OCoLC)311819418 035 $a(SSID)ssj0000298845 035 $a(PQKBManifestationID)12116622 035 $a(PQKBTitleCode)TC0000298845 035 $a(PQKBWorkID)10236140 035 $a(PQKB)11758517 035 $a(MiAaPQ)EBC420300 035 $a(oapen)https://directory.doabooks.org/handle/20.500.12854/29258 035 $a(EXLCZ)991000000000579659 100 $a20091014d2008 uy 0 101 0 $adut 135 $aurbn#---uuuuu 181 $ctxt$2rdacontent 182 $cc$2rdamedia 183 $acr$2rdacarrier 200 10$aHooligans, fans en fanatisme $eeen internationale vergelijking van club- en supportersculturen /$fRamo?n Spaaij 210 $cAmsterdam University Press$d2008 210 1$aAmsterdam :$cAmsterdam University Press,$dc2008. 215 $a1 online resource (225 pages) $cdigital, PDF file(s) 300 $aDescription based upon print version of record. 320 $aIncludes bibliographical references and index. 327 $aInhoud; Voorwoord; 1. Inleiding; 2. De dynamiek van hooliganisme; 3. West Ham United; 4. Fulham FC; 5. Feyenoord; 6. SParta Rotterdam; 7. RCD Espanyol; 8. FC Barcelona; Epiloog; Bibliografie; Namenregister; Trefwoordenregister 330 $aFootball hooliganism periodically generates widespread political and public anxiety. In spite of the efforts made and resources invested over the past decades, football hooliganism is still perceived by politicians, policymakers and media as a disturbing social problem. This highly readable book provides the first systematic and empirically grounded comparison of football hooliganism in different national and local contexts. Focused around the six Western European football clubs on which the author did his research, the book shows how different clubs experience and understand football hooliganism in different ways. 606 $aSoccer hooliganism 606 $aSoccer$xSocial aspects 606 $aSoccer fans 610 $apublic administration 610 $abestuurskunde 610 $asociology 610 $asociologie 615 0$aSoccer hooliganism. 615 0$aSoccer$xSocial aspects. 615 0$aSoccer fans. 676 $a796.334 700 $aSpaaij$b Ramo?n$0608877 801 0$bMiAaPQ 801 1$bMiAaPQ 801 2$bMiAaPQ 801 2$bUkMaJRU 912 $a996204147303316 996 $aHooligans, fans en fanatisme$91802123 997 $aUNISA LEADER 00978oam 2200325z- 450 001 9910157761403321 005 20160708135847.0 010 $a1-56037-651-1 035 $a(CKB)3710000001009882 035 $a(VLeBooks)9781560376514 035 $a(EXLCZ)993710000001009882 100 $a20210505c2015uuuu -u- - 101 0 $aeng 200 $aConfessions of a Camo Queen 210 $cFarcountry Incorporated 215 $a1 online resource (1 p.) 311 $a1-56037-628-7 330 $a"Humorous stories from the perspective of an outdoorsman's partner"--$cProvided by publisher. 606 $aOutdoorsmen$vHumor 606 $aMasculinity$vHumor 606 $aMan-woman relationships$vHumor 615 0$aOutdoorsmen 615 0$aMasculinity 615 0$aMan-woman relationships 676 $a818/.602 700 $aBerube$b Kristin$01748503 906 $aBOOK 912 $a9910157761403321 996 $aConfessions of a Camo Queen$94181428 997 $aUNINA